Les plus grandes œuvres de la philosophie - Statistiques

Statistiques générales
  • Ce quiz a été pris 423 fois
  • Le résultat moyen est 26 sur 185
Statistiques - réponses
Hint Réponse % Correct
Platon La République
77%
Platon Le Banquet
63%
Marx Le Capital
62%
Pascal Pensées
62%
Spinoza Éthique
60%
Machiavel Le Prince
60%
Kant Critique de la raison pure
59%
Montaigne Essais
59%
Hobbes Le Léviathan
59%
Rousseau Du contrat social
53%
Nietzsche Ainsi parlait Zarathoustra
48%
Descartes Le discours de la méthode
46%
Marx et Engels Manifeste du parti communiste
46%
Platon Gorgias
44%
Descartes Méditations Métaphysiques
43%
Aristote Éthique à Nicomaque
42%
Saint-Augustin Les confessions
41%
Sartre L'Être et le Néant
41%
De Beauvoir Le deuxième sexe
40%
Aristote Métaphysique
40%
Tocqueville De la démocratie en Amérique
36%
La Boétie Discours sur la servitude volontaire
36%
Rousseau Émile ou de l’éducation
36%
Sartre L'existentialisme est un humanisme
36%
Platon Apologie de Socrate
35%
Camus Le Mythe de Sisyphe
35%
Kant Critique de la raison pratique
34%
Diderot Encyclopédie
33%
Nietzsche Le Gai Savoir
33%
Hegel Phénoménologie de l’esprit
32%
Kant Critique de la faculté de juger
31%
Marc-Aurèle Pensées pour moi-même
30%
Bergson Le Rire
29%
Nietzsche La Généalogie de la morale
28%
Heidegger Être et Temps
27%
Épicure Lettre à Ménécée
27%
Nietzsche Par-delà le bien et le mal
27%
Platon Phédon
24%
Montesquieu De l’esprit des lois
23%
Nietzsche Le Crépuscule des idoles
23%
Epictète Manuel d'Épictète
23%
Platon Ménon
23%
Platon Phèdre
23%
Foucault Surveiller et punir
23%
Platon Criton
20%
Locke Essai sur l’entendement humain
19%
Héraclite Fragments
19%
Schopenhauer Le Monde comme volonté et comme représentation
19%
Aristote Physique
19%
Aristote Poétique
19%
Camus L'Homme révolté
18%
Nietzsche Ecce homo
17%
Platon Protagoras
17%
St-Thomas d’Aquin Somme théologique
16%
Arendt Eichmann à Jérusalem
15%
Arendt La Crise De La Culture
15%
Kant Qu'est-ce que les Lumières ?
15%
Bourdieu La distinction
14%
Nietzsche l'Antéchrist
14%
Platon Théétète
14%
Platon Timée
14%
Spinoza Traité Théologico-Politique
14%
Parménide De la Nature
13%
Hegel Esthétique
13%
Leibniz Monadologie
13%
Aristote De l'âme
12%
Hume Enquête sur l’entendement humain
12%
Nietzsche Humain, trop humain
12%
Platon Parménide
12%
Lévi-strauss Race et histoire
12%
Smith Recherches sur la nature et les causes de la richesse des nations
12%
Mill L’utilitarisme
11%
Butler Trouble dans le genre
11%
Rousseau Discours sur l'origine et les fondements de l'inégalité parmi les hommes
10%
Kant Fondements de la métaphysique des mœurs
10%
Platon Hippias
10%
Debord La société du Spectacle
10%
Fanon Les damnés de la terre
10%
Foucault Les mots et les choses
10%
Platon Le Sophiste
10%
Aristote Organon
10%
Arendt Condition de l'homme moderne
9%
Leibniz Essais de Théodicée
9%
Weil La Condition ouvrière
9%
Arendt Les Origines du totalitarisme
9%
Wittgenstein Tractatus logico-philosophicus
9%
Kierkegaard Traité du désespoir
9%
Foucault Histoire de la sexualité
8%
Platon Ion
8%
Freud Malaise dans la culture
8%
Proudhon Qu'est-ce que la propriété ?
8%
Aristote Rhétorique
8%
Rawls Théorie de la justice
8%
Voltaire Traité sur la tolérance
8%
Platon Critias
7%
Mill de la liberté
7%
Cioran De l'inconvénient d'être né
7%
Foucault Histoire de la folie à l’âge classique
7%
Marx L'Idéologie allemande
7%
Leibniz Nouveaux Essais sur l'entendement humain
7%
Descola Par-delà nature et culture
7%
Alain Propos sur le bonheur
7%
Sartre Critique de la raison dialectique
6%
Durkheim Les Règles de la méthode sociologique
6%
Sénèque Lettre à Lucilius
6%
Marx Manuscrits de 1844
6%
Husserl Méditations cartésiennes
6%
Bacon Novum organum
6%
Hegel Principes de la philosophie du droit
6%
Comte Cours de philosophie positive
5%
Bergson Essai sur les données immédiates de la conscience
5%
Kant Prolégomènes à toute métaphysique future
5%
Austin Quand dire, c’est faire
5%
St-Thomas d’Aquin Somme contre les gentils
5%
Lévinas Totalité et Infini
5%
Gramsci Carnets de prison
4%
Beccaria Des délits et des peines
4%
Kant Idée d'une histoire universelle d'un point de vue cosmopolitique
4%
Adorno et Horkheimer La dialectique de la raison
4%
Bachelard La Formation de l'esprit scientifique
4%
Deleuze L'Anti-Œdipe
4%
Bachelard La Psychanalyse du feu
4%
Barthes Le Degré zéro de l'écriture
4%
Jonas Le principe de responsabilité
4%
Aristote Parties des animaux
4%
Platon Philèbe
4%
Deleuze Qu'est-ce que la philosophie ?
4%
Ricœur Soi-même comme un autre
4%
Jung Aïon, études sur la phénoménologie du soi
3%
Nietzsche Considérations inactuelles
3%
De saussure Cours de linguistique générale
3%
Malebranche De la recherche de la vérité
3%
Aristote Du ciel
3%
Sextus Empiricus Esquisses pyrrhoniennes
3%
Wittgenstein Investigations philosophiques
3%
Kropotkine La Conquête du pain
3%
Hegel La science de la logique
3%
Kuhn La structure des révolution scientifiques
3%
Stirner L’unique et sa propriété
3%
Marx Misère de la philosophie
3%
Fanon Peau noire, masques blancs
3%
Descartes Principes de philosophie
3%
Russell Éloge de l’oisiveté
2%
Popper La société ouverte et ses ennemis
2%
Feuerbach L'Essence du christianisme
2%
Bourdieu Méditations pascaliennes
2%
Heidegger Qu'est-ce que la métaphysique ?
2%
Descartes Règles pour la direction de l'esprit
2%
Habermas Théorie de l'agir communicationnel
2%
Nozick Anarchie, État et utopie
1%
Heidegger Chemins qui ne mènent nulle part
1%
Wittgenstein Conférence sur l’éthique
1%
Deleuze Critique et clinique
1%
Aristote De la génération et de la Corruption
1%
Derrida De la grammatologie
1%
Constant De la liberté des Anciens comparée à celle des Modernes
1%
Saint-Augustin Doctrine Chrétienne
1%
Weber Économie et société
1%
Hegel Encyclopédie des sciences philosophiques
1%
Marcuse Éros et civilisation
1%
Lukács Histoire et conscience de classe
1%
Bentham Introduction aux principes de morale et de législation
1%
Popper La connaissance objective
1%
Husserl La Crise des sciences européennes et la phénoménologie transcendantale
1%
Singer La Libération animale
1%
Heidegger Le Principe de raison
1%
Marx Les Luttes de classes en France
1%
Merleau-Ponty Le Visible et l'Invisible
1%
Berkeley Principes de la connaissance humaine
1%
Russell Principia mathematica
1%
Kant Projet de paix perpétuelle
1%
Husserl Recherches logiques
1%
Oakley Sex, Gender and society
1%
Ockham Somme de logique
1%
Deleuze Spinoza, philosophie pratique
1%
D’Holbach Système de la nature
1%
Thomson The trolley problem
1%
Berkeley Trois dialogues entre Hylas et Philonous
1%
Benjamin Critique de la violence
0%
Carnap Fondements logiques des probabilités
0%
Kripke La Logique des noms propres
0%
Freud Leçons d'introduction à la psychanalyse
0%
Benjamin L'œuvre d'art à l'époque de sa reproduction mécanisée
0%
Russell Problèmes de philosophie
0%
Horkheimer Théorie traditionnelle et théorie critique
0%
Aucun quiz correspondant
Distribution des résultats
% des personnes avec chaque résultat
Percentile par nombre de réponses
Votre historique - résultats
Vous n’avez pas pris ce quiz